[Event "1st Lecci Open 2026"]
[Site "Lecci FRA"]
[Date "2026.05.15"]
[Round "7.2"]
[White "Van Wely, L."]
[Black "Pranesh, M."]
[Result "1/2-1/2"]
[WhiteElo "2625"]
[BlackElo "2632"]
[PlyCount "182"]
[EventDate "2026.05.11"]

1. d4 d5 2. c4 e6 3. Nf3 a6 4. cxd5 exd5 5. Nc3 Be6 6. Ng5 Nf6 7. Nxe6 fxe6 8. g3 c5 9. Bg2 Nc6 10. dxc5 Bxc5 11. O-O O-O 12. Bg5 h6 13. Bxf6 $146 ({RR} 13. Bd2 Qd7 14. Rc1 Ba7 15. Na4 Qe7 16. e3 Rfd8 17. Qb3 Ne5 18. Bb4 Qf7 19. Qc3 Nfd7 20. Qc2 Nf3+ 21. Kh1 b5 22. Qd1 Nde5 23. Nc5 d4 24. e4 Bb6 25. Nd3 Nxd3 26. Qxd3 Ne5 27. Qd1 a5 {Osmak,I (2388)-Tsirulnik,M (2119) Lutsk 2019 1-0 (41)}) 13... Qxf6 14. e3 Ba7 15. Kh1 Rad8 16. Qe2 Ne5 17. Rad1 Kh8 18. h3 g6 19. b3 Rc8 20. Na4 b5 21. Nb2 Rc3 22. Nd3 Nxd3 23. Rxd3 Rxd3 24. Qxd3 Rc8 25. e4 Qd4 26. Qe2 dxe4 27. Bxe4 Rf8 28. Kg2 Kg7 29. h4 h5 30. Qc2 Kh6 31. Bxg6 Qc5 32. Qxc5 Bxc5 33. Bd3 Bd4 34. f3 Rc8 35. g4 e5 36. g5+ Kg7 37. Be4 b4 38. f4 exf4 39. Rxf4 a5 40. Bd3 Rd8 41. Bc4 Bc3 42. Rf7+ Kg6 43. Ra7 Rd4 44. Rxa5 Rxh4 45. Bd3+ Kf7 46. Kf3 Rh3+ 47. Ke4 Kg6 48. Rd5 Bd2 49. Kd4+ Kf7 50. g6+ Ke7 51. Rf5 h4 52. Rf7+ Kd6 53. Rf6+ Ke7 54. Rf7+ Kd6 55. Bf5 Rg3 56. Rd7+ Kc6 57. Rh7 h3 58. Rxh3 Bc3+ 59. Kc4 Rg5 60. Be4+ Kd6 61. Rd3+ Ke6 62. a4 Rg4 63. Re3 Kd6 64. a5 Kc7 65. Kd3 Rg5 66. Re2 Rxa5 67. Rg2 Bg7 68. Kc4 Rh5 69. Rg4 Kb6 70. Bd5 Rf5 71. Re4 Bc3 72. Re6+ Kc7 73. Kc5 Kd7 74. Ra6 Ke7 75. Ra7+ Kf8 76. Rd7 Rg5 77. Rf7+ Ke8 78. Rh7 Kf8 79. Rf7+ Ke8 80. Kd6 Rxg6+ 81. Be6 Rf6 82. Rb7 Kf8 83. Rb8+ Kg7 84. Rg8+ Kh6 85. Rg2 Rg6 86. Rxg6+ Kxg6 87. Bc4 Kf6 88. Bd5 Bd2 89. Bc4 Bc3 90. Bd5 Bd2 91. Bc4 Bc3 1/2-1/2

[Event "RUS-chT2 16th"]
[Site "Dagomys"]
[Date "2009.04.04"]
[Round "3"]
[White "Landa, Konstantin"]
[Black "Galkin, Alexander"]
[Result "1-0"]
[WhiteElo "2627"]
[BlackElo "2617"]
[PlyCount "173"]
[EventDate "2009.04.02"]
[EventType "team-tourn"]
[EventRounds "9"]
[EventCountry "RUS"]
[SourceTitle "CBM 129 Extra"]
[Source "ChessBase"]
[SourceDate "2009.05.05"]
[SourceVersion "2"]
[SourceVersionDate "2009.05.20"]
[SourceQuality "1"]

1. d4 d5 2. c4 e6 3. Nf3 c6 4. Qc2 Nf6 5. g3 dxc4 6. Qxc4 b5 7. Qd3 Bb7 8. Bg2 Nbd7 9. O-O a6 10. Nfd2 Qb6 11. a4 Be7 12. axb5 axb5 13. Rxa8+ Bxa8 14. Nc3 O-O 15. Nb3 Bb7 $146 ({RR} 15... Nd5 16. e4 Nxc3 17. Qxc3 c5 18. dxc5 Bxc5 19. Nxc5 Qxc5 20. Qxc5 Nxc5 21. f3 Rc8 22. Rd1 Bc6 23. Bf1 f5 24. Be3 Nb3 25. Rd3 Na5 26. Rc3 Nc4 27. Bxc4 bxc4 28. Rxc4 fxe4 29. fxe4 Kf7 30. Bd4 {Khenkin,I (2647)-Maksimenko,A (2536) Germany 2009 1-0 (109)}) 16. Be3 Nd5 17. Ne4 b4 18. Ra1 Ra8 19. Rxa8+ Bxa8 20. Nec5 Nxc5 21. dxc5 Qa7 22. Bd4 Qa4 23. e4 Nf6 24. Qc4 Nd7 25. Bh3 Kf8 26. Bf1 Bb7 27. f4 Nb8 28. Bc3 Na6 29. Be5 Qa2 30. Qc2 Kg8 31. Bd6 Bf6 32. e5 Bd8 33. Bc4 g6 34. Nd2 Qa1+ 35. Qb1 Qxb1+ 36. Nxb1 g5 37. Nd2 gxf4 38. gxf4 Nc7 39. Bxc7 Bxc7 40. Ne4 Bc8 41. Nf6+ Kh8 42. Ne8 Bb8 43. Kg2 Kg8 44. Kf3 Kf8 45. Nf6 h6 46. Ke3 Bc7 47. Bd3 b3 48. Bc4 Ba5 49. Ne4 Bb4 50. Kd4 Ke7 51. Bxb3 Be1 52. Bc4 Bb4 53. Be2 Be1 54. Bc4 Bb4 55. Kd3 Be1 56. Kc2 Bh4 57. Kd2 f6 58. exf6+ Bxf6 59. Nxf6 Kxf6 60. Ke3 e5 61. Bf1 Bd7 62. Bg2 Be8 63. Bh3 Bf7 64. Bg2 Be8 65. Be4 Bd7 66. h4 Be8 67. f5 Ke7 68. Kd2 Bd7 69. Kc3 Kf6 70. b3 Be8 71. b4 Bd7 72. Kb3 h5 73. Kc3 Be8 74. Kd3 Bd7 75. Ke2 Be8 76. Ke3 Bd7 77. Kd2 Be8 78. Kc3 Ke7 79. Kb3 Kf6 80. Ka4 Bd7 81. Ka5 Bxf5 82. Bxf5 Kxf5 83. b5 e4 84. bxc6 Ke6 85. Kb6 e3 86. c7 Kd7 87. Kb7 1-0

[Event "Titled Tue 19th May 2026"]
[Site "chess.com INT"]
[Date "2026.05.19"]
[Round "5"]
[White "Dubov, Daniil"]
[Black "Sarana, A."]
[Result "1-0"]
[WhiteElo "2654"]
[BlackElo "2664"]
[PlyCount "171"]
[EventDate "2026.05.19"]

1. d4 d5 2. c4 e6 3. Nf3 Nf6 4. g3 Bb4+ 5. Nbd2 dxc4 6. Bg2 O-O 7. Qc2 c5 8. dxc5 Nc6 9. O-O e5 10. Qxc4 Qe7 11. a3 Bxc5 12. b4 Bd4 13. Nxd4 Nxd4 14. e3 Be6 15. Qd3 Bf5 16. Ne4 Rfd8 $146 ({RR} 16... Bxe4 17. Bxe4 Ne2+ 18. Qxe2 Nxe4 19. Bb2 Nd6 20. b5 Rac8 21. a4 Qe6 22. Ba3 Rfd8 23. Bxd6 Rxd6 {½-½ (23) Kopylov,M (2449)-Tiviakov,S (2618) Haarlem 2001}) 17. exd4 Bxe4 18. Bxe4 Rxd4 19. Bxh7+ Nxh7 20. Qe2 f6 21. Be3 Rd7 22. Rfd1 Nf8 23. Rxd7 Qxd7 24. Rd1 Qf7 25. Qg4 a6 26. Rd6 Re8 27. h4 Re6 28. Rd8 Re8 29. Rd6 f5 30. Qf3 Ne6 31. Bg5 Nd4 32. Qd5 Qxd5 33. Rxd5 Re6 34. Kg2 Nc2 35. Rd8+ Kh7 36. Rd7 b5 37. Bc1 Nd4 38. h5 Kg8 39. Bb2 Nc6 40. f4 exf4 41. Bxg7 fxg3 42. Kxg3 Re7 43. Rxe7 Nxe7 44. Bf6 Nd5 45. Bg5 Kg7 46. Kf3 Kf7 47. Ke2 Kg7 48. Kd3 Nb6 49. Kd4 Nc4 50. a4 Nb2 51. a5 Kf7 52. Bf4 Kf6 53. h6 Kg6 54. Bc1 Nc4 55. Kc5 Ne5 56. Kb6 Nd3 57. Bd2 f4 58. Kxa6 f3 59. Be3 Nxb4+ 60. Kxb5 Nd5 61. Bf2 Nc3+ 62. Kc6 Ne4 63. Be3 Nd2 64. a6 Nc4 65. Bf2 Ne5+ 66. Kc7 Nd3 67. a7 Nxf2 68. a8=Q Ng4 69. Qe4+ Kg5 70. Qxf3 Nxh6 71. Qe3+ Kg6 72. Kd7 Kf5 73. Qd3+ Kg5 74. Qd5+ Kf6 75. Qe6+ Kg5 76. Qe5+ Nf5 77. Ke6 Kg4 78. Qxf5+ Kg3 79. Qe5+ Kg2 80. Kd5 Kg1 81. Qe4 Kf1 82. Qe3 Kg2 83. Ke4 Kh1 84. Qe2 Kg1 85. Kf3 Kh1 86. Qg2# 1-0

[Event "Titled Tue 6th Aug Early"]
[Site "chess.com INT"]
[Date "2024.08.06"]
[Round "8"]
[White "Nakamura, Hi"]
[Black "Bluebaum, M."]
[Result "1-0"]
[WhiteElo "2802"]
[BlackElo "2640"]
[PlyCount "163"]
[EventDate "2024.08.06"]

1. Nf3 d5 2. d4 e6 3. c4 Nf6 4. Bg5 Bb4+ 5. Nc3 h6 6. Bxf6 Qxf6 7. Qa4+ Nc6 8. Rc1 O-O 9. e3 Qg6 10. Qc2 Qxc2 11. Rxc2 Rd8 $146 ({RR} 11... dxc4 12. Bxc4 a6 13. O-O Bd7 14. a3 Bd6 15. Ne4 Ne7 16. Nfd2 Bc6 17. Rfc1 Rfd8 18. Nxd6 cxd6 19. Bd3 {½-½ (19) Guidarelli,L (2464)-Valsecchi,A (2515) Le Castella 2018}) 12. a3 Bf8 13. cxd5 exd5 14. g3 Ne7 15. Bd3 c6 16. O-O Bf5 17. Bxf5 Nxf5 18. b4 a5 19. Rb1 axb4 20. axb4 Nd6 21. b5 Nc4 22. bxc6 bxc6 23. Rcc1 Ba3 24. Rd1 Rdb8 25. Ne2 Bd6 26. h4 Rxb1 27. Rxb1 Rb8 28. Ra1 Ba3 29. h5 Rb3 30. Nf4 Kh7 31. g4 Bd6 32. Ng2 Na3 33. Nge1 Rb1 34. Ra2 Bb4 35. Kg2 Rb3 36. Nc2 Nc4 37. Nh4 Bf8 38. Nf5 g6 39. hxg6+ fxg6 40. Nh4 Kg7 41. Ne1 Rb7 42. Nd3 Bd6 43. Ra6 Rc7 44. Nf3 Kf6 45. Ra8 Kg7 46. Re8 Kf7 47. Rh8 Kg7 48. Rd8 Be7 49. Ra8 Bd6 50. Nc5 Bxc5 51. dxc5 Nb2 52. Nd4 Kf7 53. Rh8 Kf6 54. Rxh6 Nd3 55. f4 Nxc5 56. Kf3 Ne4 57. g5+ Nxg5+ 58. fxg5+ Kxg5 59. Rh2 Kf6 60. Rc2 c5 61. Nb3 c4 62. Nd4 Ke5 63. Rg2 Kf6 64. Kf4 Re7 65. Kf3 Rc7 66. Ra2 c3 67. Ke2 g5 68. Kd3 g4 69. Rg2 Rg7 70. Kxc3 Rg8 71. Kd3 Kg5 72. Ne2 Kh4 73. Rh2+ Kg5 74. Ng3 Rf8 75. Rh5+ Kg6 76. Rxd5 Rf3 77. Ne4 Rf1 78. Rg5+ Kh6 79. Rxg4 Rd1+ 80. Nd2 Ra1 81. Ke2 Ra4 82. Rxa4 1-0

[Event "Titled Tue 25th Apr Late"]
[Site "chess.com INT"]
[Date "2023.04.25"]
[Round "8"]
[White "Esipenko, Andrey"]
[Black "Nihal, Sarin"]
[Result "1/2-1/2"]
[WhiteElo "2679"]
[BlackElo "2673"]
[PlyCount "155"]
[EventDate "2023.04.25"]

1. d4 d5 2. c4 e6 3. Nf3 Nf6 4. g3 Nc6 5. Bg2 Bd6 6. O-O O-O 7. Bg5 h6 8. Bxf6 Qxf6 9. e3 dxc4 10. Nbd2 e5 11. d5 Ne7 12. Nxc4 Ng6 $146 ({RR} 12... Bf5 13. Nfd2 Rfd8 14. Qb3 Rab8 15. a4 a6 16. a5 Qg6 17. e4 Bd7 18. Nxd6 cxd6 19. Rfc1 f5 20. Rc7 fxe4 21. Nxe4 Nf5 22. Qb4 Bb5 23. Nc3 Nd4 24. Nxb5 Nxb5 25. Rcc1 Nd4 26. Rc7 Rf8 27. Rf1 {Di Benedetto,G (2289)-Saydaliev,S (2415) chess.com INT 2026 0-1 (38)}) 13. Rc1 Qe7 14. Qc2 Bd7 15. Nfd2 f5 16. Nxd6 cxd6 17. Qc7 Bb5 18. Rfe1 Qf6 19. Qxb7 Rfb8 20. Qc7 e4 21. Nb3 Ne5 22. Rc3 Be8 23. Rb1 Bf7 24. Rd1 Bh5 25. Rd2 Nf3+ 26. Bxf3 Bxf3 27. Nd4 Qg6 28. h3 Kh7 29. Nxf3 exf3 30. Qc4 Rc8 31. Qf4 Rxc3 32. bxc3 Rc8 33. c4 Qh5 34. Kh2 Rb8 35. e4 fxe4 36. Qxe4+ Kh8 37. Qg4 Qxg4 38. hxg4 Rb4 39. c5 dxc5 40. d6 Rb8 41. Kh3 g5 42. Rd3 Rd8 43. Rxf3 Rxd6 44. Rf8+ Kg7 45. Rc8 Rd2 46. Kg2 Rxa2 47. Rxc5 a5 48. Rc6 a4 49. Ra6 a3 50. Kg1 Kf7 51. f4 Ke7 52. f5 Kf7 53. Kh1 Ke7 54. Kg1 Kd7 55. Kh1 Kc7 56. f6 Kd7 57. Kg1 Ke8 58. Kh1 Kf7 59. Kg1 Kg6 60. Kh1 Ra1+ 61. Kg2 Ra2+ 62. Kf3 Ra1 63. Kg2 a2 64. Kh2 Kf7 65. Kg2 Kf8 66. Kh2 Kf7 67. Kg2 Rb1 68. Rxa2 Rb6 69. Ra7+ Kxf6 70. Ra4 Kg6 71. Re4 Rf6 72. Re5 h5 73. gxh5+ Kxh5 74. Re4 Kg6 75. Re2 Kh5 76. Re4 Kg6 77. Re2 Kh5 78. Re4 1/2-1/2

[Event "Global Chess League 2023"]
[Site "Dubai UAE"]
[Date "2023.06.30"]
[Round "9.1"]
[White "Aronian, L."]
[Black "Nepomniachtchi, I."]
[Result "1-0"]
[WhiteElo "2742"]
[BlackElo "2779"]
[PlyCount "149"]
[EventDate "2023.06.22"]
[WhiteTeam "Triveni Continental Kings"]
[BlackTeam "Balan Alaskan knights"]

1. d4 Nf6 2. c4 e6 3. Nf3 d5 4. Bg5 dxc4 5. e4 c5 6. Nc3 cxd4 7. Qxd4 Qxd4 8. Nxd4 a6 9. Bxc4 b5 10. Be2 Bb7 11. f3 Nbd7 12. Nb3 Rc8 13. a4 $146 ({RR} 13. Rd1 Bb4 14. Bd2 Ne5 15. O-O O-O 16. a3 Be7 17. Bf4 Nc4 18. Bxc4 bxc4 19. Nc1 Rfd8 20. Kf2 Nd7 21. Bd6 Bxd6 22. Rxd6 Nc5 23. Rxd8+ Rxd8 24. Ke3 Kf8 25. Rd1 Rc8 26. Rd6 Ke7 27. Rb6 Bc6 {Andreikin,D (2729)-Diaz Camallonga,C (2484) chess.com INT 2023 1-0 (43)}) 13... bxa4 14. Nxa4 Rb8 15. Na5 Bb4+ 16. Bd2 Bxa5 17. Bxa5 Bc6 18. Bc3 Bb5 19. Kf2 O-O 20. Rhd1 Rfc8 21. Rd2 Kf8 22. Bd4 Bxe2 23. Kxe2 Rc6 24. Nc3 Ne8 25. Rad1 Nb6 26. Rc2 Rbc8 27. Ra1 Nd7 28. Rd2 Nd6 29. Na4 Nc4 30. Rc2 Nd6 31. Rxc6 Rxc6 32. Nc3 h5 33. Ra4 f6 34. Be3 Kf7 35. Rb4 g5 36. Kd1 Ne5 37. Rd4 g4 38. f4 Nec4 39. Bc1 e5 40. fxe5 fxe5 41. Rd3 Ke6 42. h3 Rc8 43. hxg4 hxg4 44. Rg3 Rg8 45. Ke2 Na5 46. Be3 Nb3 47. Kd3 Na5 48. Bc5 Ndb7 49. Bb6 Nc6 50. Nd5 Nd6 51. Nc7+ Kf6 52. Nxa6 Kg5 53. Be3+ Kh4 54. Bf2 Kg5 55. Nc5 Rb8 56. Kc2 Nb5 57. Kc1 Nbd4 58. Ra3 Rb5 59. Nd3 Ne2+ 60. Kd1 Nf4 61. Be3 g3 62. Rc3 Nb4 63. Rb3 Nbxd3 64. Rxb5 Kg4 65. Kd2 Nf2 66. Rxe5 Nxg2 67. Bxf2 gxf2 68. Ke2 Nf4+ 69. Kf1 Nd3 70. Rf5 Nxb2 71. Kxf2 Nc4 72. Rf8 Kg5 73. Ke2 Kg6 74. Kd3 Ne5+ 75. Kd4 1-0

[Event "Titled Tue 1st Aug Late"]
[Site "chess.com INT"]
[Date "2023.08.01"]
[Round "6"]
[White "Andreikin, D."]
[Black "Matlakov, M."]
[Result "1/2-1/2"]
[WhiteElo "2729"]
[BlackElo "2677"]
[PlyCount "145"]
[EventDate "2023.08.01"]

1. d4 Nf6 2. c4 e6 3. Nf3 d5 4. Bg5 dxc4 5. e4 c5 6. Nc3 cxd4 7. Qxd4 Qxd4 8. Nxd4 a6 9. Bxc4 b5 10. Be2 Bb7 11. f3 Nbd7 12. Nb3 Rc8 13. O-O $146 ({RR} 13. Rd1 Bb4 14. Bd2 Ne5 15. O-O O-O 16. a3 Be7 17. Bf4 Nc4 18. Bxc4 bxc4 19. Nc1 Rfd8 20. Kf2 Nd7 21. Bd6 Bxd6 22. Rxd6 Nc5 23. Rxd8+ Rxd8 24. Ke3 Kf8 25. Rd1 Rc8 26. Rd6 Ke7 27. Rb6 Bc6 {Andreikin,D (2729)-Diaz Camallonga,C (2484) chess.com INT 2023 1-0 (43)}) 13... Bb4 14. Rac1 O-O 15. a3 Be7 16. Rfd1 Ne5 17. Na5 Ba8 18. Bf4 Nc6 19. Nxc6 Bxc6 20. Na2 Bb7 21. Kf2 g5 22. Bd6 Bxd6 23. Rxd6 Rxc1 24. Nxc1 Rc8 25. Nb3 Bxe4 26. Rxa6 Bd5 27. Nd4 h5 28. Rb6 e5 29. Nf5 Rc2 30. Ne3 Rxb2 31. Rxf6 Be6 32. Rh6 h4 33. g3 Kg7 34. Rh5 f6 35. gxh4 Bf7 36. Nf5+ Kg6 37. Ng3 Bc4 38. Rh8 Kg7 39. Rh5 Kg6 40. Rh8 Kg7 41. Rc8 gxh4 42. Nf5+ Kg6 43. Ne7+ Kf7 44. Rxc4 bxc4 45. Nd5 Ke6 46. Nc3 Rc2 47. Nd1 c3 48. Ke3 Rxe2+ 49. Kxe2 c2 50. Kd2 cxd1=Q+ 51. Kxd1 Kd5 52. Kd2 Kc4 53. Kc2 f5 54. h3 Kd4 55. Kd2 Kc4 56. Kc2 Kd4 57. Kd2 Kc4 58. a4 Kb4 59. Kd3 Kxa4 60. Kc4 e4 61. fxe4 fxe4 62. Kd4 Kb5 63. Kxe4 Kc6 64. Kf4 Kd7 65. Kg4 Ke8 66. Kxh4 Kf8 67. Kg5 Kg8 68. h4 Kh8 69. h5 Kg8 70. h6 Kh8 71. Kg6 Kg8 72. h7+ Kh8 73. Kh6 1/2-1/2

[Event "Mitropa Cup 28th"]
[Site "Rogaska Slatina"]
[Date "2009.05.15"]
[Round "7"]
[White "Caruana, Fabiano"]
[Black "Pavasovic, Dusko"]
[Result "1/2-1/2"]
[WhiteElo "2649"]
[BlackElo "2607"]
[PlyCount "135"]
[EventDate "2009.05.09"]
[EventType "team-tourn"]
[EventRounds "9"]
[EventCountry "SLO"]
[SourceTitle "CBM 130 Extra"]
[Source "ChessBase"]
[SourceDate "2009.07.02"]
[SourceVersion "2"]
[SourceVersionDate "2009.07.15"]
[SourceQuality "1"]
[WhiteTeam "Italy"]
[BlackTeam "Slovenia"]
[WhiteTeamCountry "ITA"]
[BlackTeamCountry "SLO"]

1. d4 d5 2. c4 e6 3. Nf3 c6 4. e3 Nf6 5. b3 Ne4 6. Bd3 Bd6 7. O-O Qe7 8. Nbd2 f5 9. Ne5 O-O 10. f3 Nf6 11. Bb2 Nbd7 12. c5 Bc7 13. f4 Ne4 14. b4 Ndf6 15. Ndf3 Bd7 16. a4 Be8 $146 ({RR} 16... Rfb8 17. Ba3 Be8 18. b5 Ba5 19. Qc2 Qd8 20. Rfb1 h6 21. Bb4 Bc7 22. Be1 Qc8 23. Qe2 Bd8 24. a5 cxb5 25. Bxb5 Nd7 26. a6 Nxe5 27. Nxe5 Bxb5 28. Qxb5 bxa6 29. Qe8+ Kh7 30. Qg6+ Kg8 31. Qf7+ {Golod,V (2575)-Gevorgyan,I (2178) Tashkent 2009 1-0 (33)}) 17. b5 Kh8 18. Qe1 Rc8 19. Ba3 Bxe5 20. fxe5 Ng4 21. a5 Qd8 22. a6 bxa6 23. bxc6 Bxc6 24. h3 Nh6 25. Bb4 Rf7 26. Rxa6 Rb7 27. Ba3 Qe8 28. Nd2 Nxd2 29. Qxd2 Rcc7 30. Rb1 Rxb1+ 31. Bxb1 Qb8 32. Bc2 Ng8 33. Qa5 Ne7 34. Bb4 Kg8 35. Be1 h6 36. Bh4 Ng6 37. Be1 Ne7 38. Kh2 Kf7 39. Bh4 g5 40. Be1 Kg7 41. Qa3 Rb7 42. Ba4 Rc7 43. Bc2 Qb7 44. Bd3 Kf7 45. Qa2 Bb5 46. Bxb5 Qxb5 47. Rd6 Qf1 48. Qb1 h5 49. Rd8 h4 50. Qd1 g4 51. hxg4 h3 52. Kxh3 Qh1+ 53. Kg3 Ng6 54. Kf3 Nh4+ 55. Kg3 Nxg2 56. Qf3 f4+ 57. exf4 Rb7 58. f5 Qxe1+ 59. Kxg2 Rb2+ 60. Kh3 Rf2 61. fxe6+ Kg7 62. Rd7+ Kh8 63. Rd8+ Kg7 64. Rd7+ Kh8 65. Qxf2 Qxf2 66. e7 Qe3+ 67. Kh4 Qh6+ 68. Kg3 1/2-1/2

[Event "25th European Teams"]
[Site "Batumi GEO"]
[Date "2025.10.14"]
[Round "9.1"]
[White "Indjic, A."]
[Black "Mamedov, Rau"]
[Result "1-0"]
[WhiteElo "2618"]
[BlackElo "2655"]
[PlyCount "131"]
[EventDate "2025.10.05"]
[WhiteTeam "Serbia"]
[BlackTeam "Azerbaijan"]
[WhiteTeamCountry "SRB"]
[BlackTeamCountry "AZE"]

1. d4 d5 2. c4 e6 3. Nf3 c5 4. cxd5 exd5 5. Bg5 Nf6 6. Bxf6 Qxf6 7. Nc3 Be6 8. e3 c4 9. a3 Be7 10. g3 O-O 11. Bg2 Nc6 $146 ({RR} 11... Rd8 12. O-O Nc6 13. Nd2 Bf8 14. b3 Rac8 15. bxc4 dxc4 16. Qb1 Na5 17. Nde4 Qg6 18. Qb5 b6 19. Ra2 Nb3 20. h4 h6 21. Qe5 f5 22. Nd2 Bd6 23. Qb5 f4 24. gxf4 a6 25. Qxa6 Bxf4 26. exf4 {Sarana,A (2703)-Olsen,F (2440) chess.com INT 2024 1-0 (40)}) 12. Ng1 Rfd8 13. Nge2 Bf8 14. Nf4 Ne7 15. b3 Rac8 16. h4 g6 17. O-O Bh6 18. Nxe6 fxe6 19. Rb1 b6 20. a4 Kh8 21. bxc4 Rxc4 22. Nb5 e5 23. Qb3 exd4 24. Nxd4 Bg7 25. Rbd1 a5 26. Bh3 Rb4 27. Qc2 Rc4 28. Qa2 Rd6 29. Rc1 Qf7 30. Rxc4 dxc4 31. Nb5 Rc6 32. Rd1 h6 33. Bg2 Rc5 34. Nd6 Qe6 35. Bf1 Rd5 36. Rxd5 Nxd5 37. Nxc4 Nb4 38. Qd2 Nd5 39. Bg2 Nc3 40. Qd8+ Kh7 41. Nxb6 Qf5 42. Bd5 Qb1+ 43. Kh2 Nxd5 44. Nxd5 Qa2 45. Nf6+ Bxf6 46. Qxf6 Qxa4 47. Qf7+ Kh8 48. Qxg6 Qa2 49. Qxh6+ Kg8 50. Qg6+ Kh8 51. Qf6+ Kg8 52. h5 a4 53. Qd8+ Kh7 54. Qf8 Qe6 55. Kg1 Qg4 56. Qf7+ Kh6 57. Kg2 Qe4+ 58. f3 Qc2+ 59. Kh3 a3 60. g4 Qb1 61. Qf8+ Kh7 62. Qxa3 Qe1 63. Qe7+ Kh8 64. g5 Qh1+ 65. Kg3 Qg1+ 66. Kf4 1-0

[Event "EU-ch 22nd"]
[Site "Terme Catez"]
[Date "2022.04.02"]
[Round "7"]
[White "Sargsyan, Shant"]
[Black "Indjic, Aleksandar"]
[Result "1/2-1/2"]
[WhiteElo "2639"]
[BlackElo "2605"]
[PlyCount "132"]
[EventDate "2022.03.27"]
[EventType "swiss"]
[EventRounds "11"]
[EventCountry "SLO"]
[Tiebreak "Cut1 Buchholz"]
[SourceTitle "CBM 208"]
[Source "ChessBase"]
[SourceDate "2022.06.30"]
[SourceVersion "1"]
[SourceVersionDate "2022.06.30"]
[SourceQuality "1"]

1. d4 d5 2. c4 e6 3. Nf3 a6 4. Bg5 Be7 5. Bxe7 Qxe7 6. Nbd2 Nf6 7. Rc1 O-O 8. g3 b6 9. Bg2 Bb7 10. O-O c5 11. cxd5 exd5 12. Qb3 Qc7 13. dxc5 bxc5 14. Qa3 Nbd7 15. Nb3 c4 16. Na5 Rac8 $146 ({RR} 16... Qb6 17. Rfd1 Rab8 18. Nd4 Ba8 19. b3 cxb3 20. axb3 Rfc8 21. e3 Rc5 22. Rxc5 Nxc5 23. Rc1 Ne6 24. Nac6 Re8 25. Ne7+ Kh8 26. Nc8 Qb8 27. Nd6 Rf8 28. Nxf7+ Rxf7 29. Nxe6 Bb7 30. Ng5 Rf8 31. Rc7 {Hnydiuk,A (2350)-Protaziuk,G (2335) Darlowo POL 2024 1-0 (36)}) 17. Nxb7 Qxb7 18. Rfd1 Qb6 19. Nd4 Rfe8 20. Rc2 Ne4 21. Bxe4 Rxe4 22. Rcd2 g6 23. Qc3 Nf6 24. Qf3 h5 25. e3 Rce8 26. h3 R4e5 27. Rc2 Ne4 28. b3 c3 29. Rd3 Qc5 30. Kg2 Qc8 31. Qd1 Qd7 32. h4 g5 33. Qxh5 Kg7 34. Nf3 Rf5 35. Nd4 Rfe5 36. Nf3 Rf5 37. hxg5 Rh8 38. Qg4 Qe6 39. Rdxc3 Nxc3 40. Rxc3 Qe4 41. Qxe4 dxe4 42. Nd2 Rh2+ 43. Kxh2 Rxf2+ 44. Kh3 Rxd2 45. Rc4 Rxa2 46. Rxe4 Ra3 47. b4 a5 48. bxa5 Rxa5 49. Kh4 Ra1 50. Rf4 Ra3 51. e4 Rb3 52. Kh3 Ra3 53. Rh4 Ra4 54. e5 Ra1 55. Re4 Kg6 56. Kg4 Ra5 57. Kf4 Ra1 58. Rb4 Rf1+ 59. Kg4 Re1 60. Rb6+ Kg7 61. Kf4 Rf1+ 62. Ke4 Re1+ 63. Kd5 Rd1+ 64. Kc5 Rc1+ 65. Kd6 Rd1+ 66. Ke7 Rd5 1/2-1/2

[Event "Titled Tue 21st Feb Late"]
[Site "chess.com INT"]
[Date "2023.02.21"]
[Round "11"]
[White "Andreikin, D."]
[Black "Tabatabaei, M."]
[Result "1/2-1/2"]
[WhiteElo "2729"]
[BlackElo "2677"]
[PlyCount "130"]
[EventDate "2023.02.21"]

1. Nf3 d5 2. e3 Nf6 3. c4 e6 4. d4 a6 5. b3 b6 6. Bb2 Bb7 7. Nbd2 Nbd7 8. Bd3 Bd6 9. O-O O-O 10. Qc2 Rc8 11. e4 dxe4 12. Nxe4 Nxe4 13. Bxe4 Bxe4 14. Qxe4 Nf6 15. Qb7 $146 ({RR} 15. Qe2 c5 16. Rad1 Qe7 17. d5 Rfe8 18. dxe6 Qxe6 19. Qxe6 Rxe6 20. Bxf6 Rxf6 21. Rd5 g6 22. Rfd1 Bf8 23. a4 h6 24. h4 Re8 25. Re1 Rb8 26. Ne5 Re6 27. Red1 Bg7 28. Rd8+ Re8 29. Rxb8 Rxb8 {Rambaldi,F (2544)-Studer,N (2462) Biel 2016 0-1 (52)}) 15... a5 16. Rad1 Rb8 17. Qc6 Qd7 18. Qxd7 Nxd7 19. Rfe1 a4 20. g3 Rfd8 21. Kg2 Ra8 22. Bc3 axb3 23. axb3 Ra3 24. Nd2 Rda8 25. h4 h5 26. Ra1 Nf6 27. Rxa3 Rxa3 28. Ra1 Rxa1 29. Bxa1 Bb4 30. Nb1 Ne4 31. Kf3 f5 32. Ke2 Kf7 33. Bb2 f4 34. Kf3 fxg3 35. fxg3 Nd6 36. Bc3 Bxc3 37. Nxc3 Nf5 38. Ne2 c5 39. dxc5 bxc5 40. Ke4 Kf6 41. Kf3 Ke5 42. Nf4 Nd4+ 43. Ke3 Nf5+ 44. Kf2 Nxh4 45. Nd3+ Kd4 46. Nxc5 Nf5 47. Nxe6+ Kc3 48. c5 Kxb3 49. c6 Ne7 50. c7 g6 51. Nf4 Kc4 52. Nxg6 Nc8 53. Nf4 Kc5 54. Nxh5 Kd6 55. g4 Kxc7 56. g5 Kd6 57. g6 Ke7 58. Kf3 Kf8 59. Kf4 Ne7 60. g7+ Kf7 61. Kg5 Ng8 62. Kf5 Nh6+ 63. Ke5 Ng8 64. Kd6 Nf6 65. Nxf6 Kxg7 1/2-1/2

[Event "FIDE Grand Swiss 2025"]
[Site "Samarkand UZB"]
[Date "2025.09.06"]
[Round "3.3"]
[White "Gelfand, B."]
[Black "Praggnanandhaa, R."]
[Result "0-1"]
[WhiteElo "2652"]
[BlackElo "2779"]
[PlyCount "130"]
[EventDate "2025.09.04"]

1. d4 d5 2. c4 e6 3. Nf3 Nf6 4. g3 Bb4+ 5. Bd2 Be7 6. Bg2 Nbd7 7. Qc2 c6 8. O-O Ne4 9. Nc3 f5 10. Rad1 Nxd2 11. Rxd2 O-O 12. e3 Bd6 13. Rb1 $146 ({RR} 13. Ne2 g5 14. Nc1 g4 15. Ne1 Nf6 16. Ncd3 Ne4 17. Rd1 Qg5 18. Nf4 Bd7 19. Ned3 Rae8 20. b4 h5 21. Ne5 Bxe5 22. dxe5 Rf7 23. a4 h4 24. Rc1 Rh7 25. Rfd1 Qg7 26. Qb2 Ng5 27. Kf1 Nf3 {Fiskaaen,M (2116)-Pourkashiyan,A (2272) Stavanger NOR 2024 0-1 (71)}) 13... a5 14. Ne2 Qe7 15. Nf4 Nf6 16. c5 Bc7 17. Nd3 Bd7 18. Nfe5 Be8 19. Rc1 g5 20. f3 Kh8 21. Re2 Qg7 22. Rb1 g4 23. f4 h5 24. b4 Rg8 25. bxa5 Bxa5 26. Rb3 Qh7 27. Qb1 Ra7 28. Reb2 Rg7 29. Nc1 h4 30. Ne2 Kg8 31. gxh4 Qxh4 32. Ng3 Nh5 33. Nf1 Qe7 34. Ng3 Qh4 35. Nf1 Qe7 36. Ng3 Rh7 37. Nxh5 Bxh5 38. Bf1 Be8 39. Rg2 Kf8 40. Rg3 Qh4 41. Rb2 Bc7 42. Rbg2 Ke7 43. Nd3 Kd7 44. Nf2 Bd8 45. Bd3 Rh5 46. h3 gxh3 47. Rxh3 Qf6 48. Be2 Rxh3 49. Nxh3 Qh4 50. Ng5 Bh5 51. Bxh5 Qxh5 52. Rh2 Qg4+ 53. Rg2 Qh5 54. Rh2 Qg4+ 55. Kf2 Bxg5 56. fxg5 e5 57. Rg2 Qh4+ 58. Kg1 Qh3 59. Qe1 Ra3 60. Rg3 Qh4 61. Qf2 f4 62. Rg2 Qxf2+ 63. Kxf2 fxe3+ 64. Kf3 e2+ 65. Kf2 Re3 0-1

[Event "EU-chT (Men) 19th"]
[Site "Warsaw"]
[Date "2013.11.11"]
[Round "4.2"]
[White "Mamedyarov, Shakhriyar"]
[Black "Erdos, Viktor"]
[Result "1/2-1/2"]
[WhiteElo "2757"]
[BlackElo "2658"]
[PlyCount "130"]
[EventDate "2013.11.08"]
[EventType "team-swiss"]
[EventRounds "9"]
[EventCountry "POL"]
[SourceTitle "CBM 158"]
[Source "ChessBase"]
[SourceDate "2014.01.16"]
[SourceVersion "1"]
[SourceVersionDate "2014.01.16"]
[SourceQuality "1"]
[WhiteTeam "Azerbaijan"]
[BlackTeam "Hungary"]
[WhiteTeamCountry "AZE"]
[BlackTeamCountry "HUN"]

1. d4 d5 2. c4 c6 3. Nf3 Nf6 4. Nbd2 Bf5 5. Nh4 Bc8 6. e3 e6 7. Nhf3 c5 8. dxc5 Bxc5 9. a3 $146 ({RR} 9. Qc2 Nbd7 10. a3 O-O 11. Bd3 h6 12. O-O b6 13. cxd5 Nxd5 14. Nb3 Be7 15. e4 N5f6 16. e5 Nd5 17. Qc4 Qc7 18. Qe4 f5 19. exf6 N7xf6 20. Qc4 Bd6 21. Qxc7 Bxc7 22. Re1 Bd7 23. Bd2 Rae8 {Papin,V (2433)-Rahman,A (2337) Tashkent 2017 1-0 (48)}) 9... a5 10. cxd5 exd5 11. Nb3 Bb6 12. Nbd4 Nc6 13. b3 Bg4 14. Bb2 Bxd4 15. Bxd4 Bxf3 16. gxf3 O-O 17. Bb5 Nxd4 18. Qxd4 Qd6 19. h4 Rac8 20. b4 axb4 21. axb4 g6 22. Rd1 Rc2 23. Ba4 Ra2 24. Bb3 Ra3 25. Rd3 Rc8 26. Kf1 Rc6 27. h5 Nxh5 28. Kg2 Nf6 29. Qh4 Qe5 30. Rhd1 Kg7 31. b5 Rb6 32. Qb4 Qd6 33. Rd4 Qxb4 34. Rxb4 Ra5 35. Ba4 Ra8 36. e4 dxe4 37. fxe4 Re8 38. f3 Re7 39. Rc4 Nh5 40. Kf2 Nf4 41. Ke3 g5 42. Rc5 h6 43. Bb3 Ne6 44. Bxe6 Rbxe6 45. Rdd5 Rg6 46. Kf2 g4 47. Rf5 Rd7 48. fxg4 Rxg4 49. Kf3 Rg1 50. Rfd5 Re7 51. b6 Rf1+ 52. Kg2 Rf6 53. Rc7 Rxe4 54. Rb5 Rg4+ 55. Kh3 Rg5 56. Rb4 Rf3+ 57. Kh2 Rf2+ 58. Kh3 Rf1 59. Kh2 Rff5 60. Rxb7 Rg6 61. Kh3 Rh5+ 62. Rh4 Rb5 63. Rf4 Rh5+ 64. Rh4 Rb5 65. Rf4 Rh5+ 1/2-1/2